<?xml version="1.0" encoding="UTF-8"?>
<record
    xmlns:xsi="http://www.w3.org/2001/XMLSchema-instance"
    xsi:schemaLocation="http://www.loc.gov/MARC21/slim http://www.loc.gov/standards/marcxml/schema/MARC21slim.xsd"
    xmlns="http://www.loc.gov/MARC21/slim">

  <leader>01680nam a2200265uu 4500</leader>
  <controlfield tag="001">1577353</controlfield>
  <controlfield tag="005">20260508094750.0</controlfield>
  <controlfield tag="008">221011s2019                        eng  </controlfield>
  <datafield tag="020" ind1=" " ind2=" ">
    <subfield code="a">9781492552123</subfield>
  </datafield>
  <datafield tag="035" ind1=" " ind2=" ">
    <subfield code="a">1577353</subfield>
  </datafield>
  <datafield tag="040" ind1=" " ind2=" ">
    <subfield code="c">comduadb</subfield>
  </datafield>
  <datafield tag="041" ind1=" " ind2=" ">
    <subfield code="a">eng</subfield>
  </datafield>
  <datafield tag="050" ind1=" " ind2="4">
    <subfield code="a">GV</subfield>
  </datafield>
  <datafield tag="100" ind1="1" ind2="0">
    <subfield code="a">Laursen, Paul</subfield>
    <subfield code="4">edt</subfield>
    <subfield code="e">edt</subfield>
    <subfield code="9">804064</subfield>
  </datafield>
  <datafield tag="245" ind1="1" ind2="0">
    <subfield code="a">Science and application of high-intensity interval training : solutions to the programming puzzle</subfield>
  </datafield>
  <datafield tag="260" ind1=" " ind2=" ">
    <subfield code="a">Champaign, IL :</subfield>
    <subfield code="b">Human Kinetics,</subfield>
    <subfield code="c">2019.</subfield>
  </datafield>
  <datafield tag="300" ind1=" " ind2=" ">
    <subfield code="a">vi, 664 p&#xE1;ginas :</subfield>
    <subfield code="b">ilustraciones</subfield>
  </datafield>
  <datafield tag="505" ind1=" " ind2=" ">
    <subfield code="a">CONTENIDO: G&#xE9;nesis y evoluci&#xF3;n del entrenamiento interv&#xE1;lico de alta intensidad. -- M&#xE9;todos tradicionales de programaci&#xF3;n HIIT. -- Base fisiol&#xF3;gica del HIIT -- Manipulaci&#xF3;n de variables HIIT -- Uso de armas HIIT -- Incorporaci&#xF3;n de HIIT en un programa de entrenamiento concurrente -- HIIT y su influencia en el estr&#xE9;s, la fatiga y la salud del atleta -- Cuantificaci&#xF3;n de la carga de entrenamiento. -- Respuesta a la carga -- Poniendolo todo junto. -- Deportes de combate -- Esqu&#xED; de fondo -- Carreras de media distancia -- Correr por carretera -- Ciclismo de carretera -- Nataci&#xF3;n -- Tenis -- Triatl&#xF3;n -- F&#xFA;tbol americano -- F&#xFA;tbol australiano -- B&#xE9;isbol -- Baloncesto -- Cricket -- Hockey sobre hierba -- Hockey sobre hielo -- Grupo de rugby -- Rugby a siete -- F&#xFA;tbol.</subfield>
  </datafield>
  <datafield tag="650" ind1=" " ind2=" ">
    <subfield code="a">Entrenamiento de intervalos de alta intensidad</subfield>
    <subfield code="9">227521</subfield>
  </datafield>
  <datafield tag="650" ind1=" " ind2=" ">
    <subfield code="a">Entrenamiento de intervalo</subfield>
    <subfield code="9">236311</subfield>
  </datafield>
  <datafield tag="650" ind1=" " ind2=" ">
    <subfield code="a">Entrenamiento deportivo - Aspectos fisiol&#xF3;gicos</subfield>
    <subfield code="9">234911</subfield>
  </datafield>
  <datafield tag="650" ind1=" " ind2=" ">
    <subfield code="a">Entrenamiento deportivo - Metodolog&#xED;a</subfield>
    <subfield code="9">234431</subfield>
  </datafield>
  <datafield tag="700" ind1="1" ind2="0">
    <subfield code="a">Buchheit, Martin</subfield>
    <subfield code="4">edt</subfield>
    <subfield code="e">edt</subfield>
    <subfield code="9">804065</subfield>
  </datafield>
  <datafield tag="942" ind1=" " ind2=" ">
    <subfield code="c">BOOK</subfield>
  </datafield>
  <datafield tag="999" ind1=" " ind2=" ">
    <subfield code="c">846029</subfield>
    <subfield code="d">846029</subfield>
  </datafield>
  <datafield tag="952" ind1=" " ind2=" ">
    <subfield code="0">0</subfield>
    <subfield code="1">0</subfield>
    <subfield code="4">0</subfield>
    <subfield code="7">0</subfield>
    <subfield code="8">GENERAL</subfield>
    <subfield code="a">EDUFI</subfield>
    <subfield code="b">EDUFI</subfield>
    <subfield code="d">2022-10-11</subfield>
    <subfield code="e">Librer&#xED;a Universidad de Antioquia</subfield>
    <subfield code="g">340756.00</subfield>
    <subfield code="i">C13327682</subfield>
    <subfield code="l">0</subfield>
    <subfield code="o">GV481 S2</subfield>
    <subfield code="p">01093500</subfield>
    <subfield code="r">2024-01-25 00:00:00</subfield>
    <subfield code="t">1</subfield>
    <subfield code="w">2023-05-05</subfield>
    <subfield code="y">BOOK</subfield>
  </datafield>
</record>
